[Event "Reykjavik op"]
[Site "Reykjavik"]
[Date "2015.03.18"]
[Round "10"]
[White "Edvardsen, Oystein"]
[Black "Paillat, Cecile"]
[Result "1-0"]
[WhiteElo "1662"]
[BlackElo "1485"]
[PlyCount "59"]
[EventDate "2015.03.10"]
[EventType "swiss"]
[EventRounds "10"]
[EventCountry "ISL"]
[SourceTitle "CBM 165 Extra"]
[Source "ChessBase"]
[SourceDate "2015.04.21"]
[SourceVersion "1"]
[SourceVersionDate "2015.04.21"]
[SourceQuality "1"]

1. e4 e6 2. d4 d5 3. e5 c5 4. c3 Nc6 5. Nf3 Qb6 6. Be2 Be7 7. 0-0 Bd7 8. a4 c4 9. Nbd2 Na5 10. Ne1 Nh6 11. Nc2 Nf5 12. Ne3 Nxe3 13. fxe3 0-0 14. e4 Bg5 15. Nxc4 Nxc4 16. Bxg5 Nxe5 17. Kh1 Ng6 18. e5 h6 19. Be3 Bc6 20. Qd2 Nh4 21. Bxh6 gxh6 22. Qxh6 Ng6 23. b4 a6 24. Rf3 Qc7 25. Rh3 f5 26. Qxg6+ Qg7 27. Qxe6+ Qf7 28. Qh6 Qe7 29. Rg3+ Kf7 30. Bh5# 1-0

[Event "Reykjavik op"]
[Site "Reykjavik"]
[Date "2015.03.17"]
[Round "9"]
[White "Paillat, Cecile"]
[Black "Kristofersson, Sindri Snaer"]
[Result "1-0"]
[WhiteElo "1485"]
[BlackElo "1224"]
[PlyCount "87"]
[EventDate "2015.03.10"]
[EventType "swiss"]
[EventRounds "10"]
[EventCountry "ISL"]
[SourceTitle "CBM 165 Extra"]
[Source "ChessBase"]
[SourceDate "2015.04.21"]
[SourceVersion "1"]
[SourceVersionDate "2015.04.21"]
[SourceQuality "1"]

1. d4 Nf6 2. Nf3 e6 3. e3 c5 4. b3 Nc6 5. Bd3 d5 6. Bb2 b6 7. Nbd2 Bd6 8. Ne5 Bxe5 9. dxe5 Nd7 10. f4 Qh4+ 11. g3 Qh6 12. Nf3 f6 13. Qd2 0-0 14. 0-0-0 fxe5 15. Nxe5 Ndxe5 16. fxe5 d4 17. exd4 Qxd2+ 18. Rxd2 cxd4 19. Be4 Bb7 20. Bxc6 Bxc6 21. Re1 Rf5 22. Bxd4 Rd8 23. Bc3 Rxd2 24. Bxd2 Rf2 25. h4 Rf3 26. Bf4 Kf7 27. Rd1 Bd5 28. Kb2 Kg6 29. c4 Rf2+ 30. Rd2 Rxd2+ 31. Bxd2 Be4 32. Kc3 Kf5 33. Kd4 h6 34. a3 h5 35. b4 g6 36. c5 bxc5+ 37. bxc5 Bc6 38. Bf4 a6 39. Kc4 Ke4 40. Kb4 Kd5 41. Ka5 Kxc5 42. Kxa6 Kc4 43. Kb6 Bd7 44. Kc7 1-0

[Event "Reykjavik op"]
[Site "Reykjavik"]
[Date "2015.03.11"]
[Round "3"]
[White "Klausen, Kris"]
[Black "Paillat, Cecile"]
[Result "1-0"]
[WhiteElo "1937"]
[BlackElo "1485"]
[PlyCount "65"]
[EventDate "2015.03.10"]
[EventType "swiss"]
[EventRounds "10"]
[EventCountry "ISL"]
[SourceTitle "CBM 165 Extra"]
[Source "ChessBase"]
[SourceDate "2015.04.21"]
[SourceVersion "1"]
[SourceVersionDate "2015.04.21"]
[SourceQuality "1"]

1. d4 e6 2. c4 d5 3. g3 Nf6 4. Bg2 Nbd7 5. Qc2 c5 6. Nf3 Be7 7. 0-0 0-0 8. Nc3 b6 9. dxc5 bxc5 10. Bf4 a6 11. Ne5 Bb7 12. Qb3 Nb6 13. Rfd1 Bd6 14. cxd5 exd5 15. Na4 Nxa4 16. Qxb7 Bxe5 17. Bxe5 Re8 18. f4 Re7 19. Qc6 Qe8 20. Bxd5 Nxd5 21. Qxd5 Re6 22. b3 Nb6 23. Qxc5 Rd8 24. Bc7 Rc8 25. Rac1 h6 26. Qa5 Na8 27. Be5 f6 28. Rxc8 Qxc8 29. Rd8+ Re8 30. Rxc8 Rxc8 31. Qxa6 Rc1+ 32. Kf2 fxe5 33. Qxa8+ 1-0

[Event "Reykjavik op"]
[Site "Reykjavik"]
[Date "2015.03.11"]
[Round "2"]
[White "Paillat, Cecile"]
[Black "Undheim, Bjarne"]
[Result "0-1"]
[WhiteElo "1485"]
[BlackElo "1926"]
[PlyCount "94"]
[EventDate "2015.03.10"]
[EventType "swiss"]
[EventRounds "10"]
[EventCountry "ISL"]
[SourceTitle "CBM 165 Extra"]
[Source "ChessBase"]
[SourceDate "2015.04.21"]
[SourceVersion "1"]
[SourceVersionDate "2015.04.21"]
[SourceQuality "1"]

1. d4 d5 2. Nf3 Nc6 3. Bf4 Bf5 4. a3 e6 5. e3 Bd6 6. Bg3 Nge7 7. c4 0-0 8. Nc3 Re8 9. Be2 a6 10. 0-0 dxc4 11. e4 Bxg3 12. exf5 Bf4 13. fxe6 fxe6 14. Bxc4 Nd5 15. Re1 Kf8 16. Qc2 g6 17. Re4 Bh6 18. Rae1 Qd7 19. h4 b5 20. Bxd5 exd5 21. Rxe8+ Rxe8 22. Rxe8+ Kxe8 23. Qe2+ Kd8 24. Ne5 Nxe5 25. Qxe5 Bg7 26. Qg5+ Kc8 27. Nxd5 Bxd4 28. Ne7+ Kb8 29. b3 h6 30. Qd5 Bxf2+ 31. Kxf2 Qxe7 32. Qg8+ Ka7 33. Qxg6 Qxh4+ 34. Qg3 Qxg3+ 35. Kxg3 c5 36. Kf2 Kb6 37. Ke2 Kc6 38. Kd3 Kd5 39. a4 h5 40. g3 bxa4 41. bxa4 a5 42. Kc3 c4 43. Kd2 Kd4 44. Kc2 c3 45. Kc1 Kd3 46. Kd1 c2+ 47. Kc1 Kc3 0-1

[Event "Reykjavik op"]
[Site "Reykjavik"]
[Date "2015.03.10"]
[Round "1"]
[White "Thorgeirsson, Jon Kristinn"]
[Black "Paillat, Cecile"]
[Result "1-0"]
[WhiteElo "2177"]
[BlackElo "1485"]
[PlyCount "33"]
[EventDate "2015.03.10"]
[EventType "swiss"]
[EventRounds "10"]
[EventCountry "ISL"]
[SourceTitle "CBM 165 Extra"]
[Source "ChessBase"]
[SourceDate "2015.04.21"]
[SourceVersion "1"]
[SourceVersionDate "2015.04.21"]
[SourceQuality "1"]

1. d4 e6 2. Nf3 d5 3. c4 Nf6 4. Bg5 Be7 5. e3 Nbd7 6. Nc3 b6 7. Qc2 Ba6 8. Bxf6 Nxf6 9. Qa4+ Qd7 10. Qxa6 Bd6 11. c5 Be7 12. Bb5 c6 13. Ne5 Qc8 14. Bxc6+ Kf8 15. Bb7 Qb8 16. Bxa8 Qxa8 17. cxb6 1-0